Statistics for List Minecraft Blocks by Color - Black

Click here to take the quiz!

General Stats

  • This quiz has been taken 23 times
  • The average score is 13 of 40

Answer Stats

Answer% Correct
Black Terracotta
82%
Black Wool
82%
Blackstone
73%
Block of Coal
73%
Black Bed
55%
Obsidian
55%
Black Concrete
45%
Black Concrete Powder
45%
Black Glazed Terracotta
36%
Black Stained Glass
36%
Blackstone Slab
36%
Gilded Blackstone
36%
Polished Blackstone
36%
Polished Blackstone Slab
36%
Black Carpet
27%
Black Shulker Box
27%
Black Stained Glass Pane
27%
Blackstone Stairs
27%
Blackstone Wall
27%
Polished Blackstone Bricks
27%
Polished Blackstone Brick Slab
27%
Polished Blackstone Brick Stairs
27%
Polished Blackstone Brick Stairs
27%
Polished Blackstone Pressure Plate
27%
Polished Blackstone Stairs
27%
Polished Blackstone Wall
27%
Polished Deepslate
27%
Black Dye
18%
Chiseled Deepslate
18%
Deepslate Tiles
18%
Deepslate Tile Slab
18%
Deepslate Tile Stairs
18%
Deepslate Tile Wall
18%
Polished Deepslate Slab
18%
Polished Deepslate Stairs
18%
Polished Deepslate Wall
18%
Chiseled Polished Blackstone
9%
Cracked Deepslate Bricks
9%
Cracked Deepslate Tiles
9%
Cracked Chiseled Polished Blackstone Bricks
0%

Score Distribution

Percentile by Number Answered

Percent of People with Each Score

Your Score History

You have not taken this quiz